000 00523nam a22002057a 4500
003 OSt
005 20140310183058.0
008 130301t xxu||||| |||| 00| 0 eng d
020 _a971233354X
050 _aQA 154.2
_b.D273 2002
082 _aFIL 512
_bD33 2002
245 _aModern College Algebra
_cDayrit, Benjamin C.
260 _aManila
_bRex Book Store
_cc2002
300 _a237 p.
_c25 cm.
521 _aCollege Students
526 _c1210L-1700L
541 _j1
562 _e1
942 _2lcc
_cBK
_kFIL
999 _c18704
_d18704